Agenda for education : (Record no. 126482)

MARC details
000 -LEADER
fixed length control field 00794nam a22002297a 4500
005 - DATE AND TIME OF LATEST TRANSACTION
control field 20170124110010.0
010 ## - LIBRARY OF CONGRESS CONTROL NUMBER
LC control number B-031431
020 ## - INTERNATIONAL STANDARD BOOK NUMBER
Terms of availability 00.00
International Standard Book Number 8173913838
035 ## - SYSTEM CONTROL NUMBER
System control number B-031431
037 ## - SOURCE OF ACQUISITION
Source of stock number/acquisition Cen Lib/ Ret
040 ## - CATALOGING SOURCE
Original cataloging agency DPL
Language of cataloging EN
082 ## - DEWEY DECIMAL CLASSIFICATION NUMBER
Classification number 370
Item number AGE
245 ## - TITLE STATEMENT
Title Agenda for education :
Statement of responsibility, etc edited by Hemlata Talesra...[et al.]
Remainder of title design and direction /
260 ## - PUBLICATION, DISTRIBUTION, ETC. (IMPRINT)
Place of publication, distribution, etc New Delhi
Name of publisher, distributor, etc Kanishka publishers Diostributors
Date of publication, distribution, etc 2001
270 ## - ADDRESS
Address 4697/5-21A,,Ansari Road Darya Ganj
City New Delhi
Postal code 110002
300 ## - PHYSICAL DESCRIPTION
Extent x,365p.
Dimensions 21cm(Hb)
500 ## - GENERAL NOTE
General note Includes index
650 ## - SUBJECT ADDED ENTRY--TOPICAL TERM
Topical term or geographic name as entry element School management and organization -- India -- Congresses.
9 (RLIN) 74192
650 ## - SUBJECT ADDED ENTRY--TOPICAL TERM
Topical term or geographic name as entry element Education, Higher -- India -- Congresses.
9 (RLIN) 74193
700 ## - ADDED ENTRY--PERSONAL NAME
Personal name Talesra, Hemlata
9 (RLIN) 21848
942 ## - ADDED ENTRY ELEMENTS (KOHA)
Source of classification or shelving scheme Dewey Decimal Classification
Koha item type English Books
Classification part 370
Call number suffix AGE
Holdings
Withdrawn status Lost status Damaged status Not for loan Home library Current library Date acquired Source of acquisition Cost, normal purchase price Total Checkouts Full call number Barcode Date last seen Date checked out Copy number Cost, replacement price Price effective from Koha item type
        Central Library Central Library 25/06/2015 Cen Lib/Ret 0.00 1 370 AGE B-031431 10/01/2022 22/12/2021 1 0.00 25/06/2015 English Books

© Delhi Public Library
Hit Counter
free hit counter